7 days of the week in 20 seconds - Statistics

General Stats
  • This quiz has been taken 103 times
  • The average score is 6 of 7
Answer Stats
Answer % Correct
Monday
100%
Tuesday
94%
Wednesday
92%
Friday
85%
Thursday
83%
Sunday
79%
Saturday
75%
No matching quizzes found
Score Distribution
Percent of People with Each Score
Percentile by Number Answered
Your Score History
You have not taken this quiz